000 01088cam a22002894a 4500
999 _c174343
_d174343
001 15928453
003 Nust
005 20170124104745.0
008 091001s2009 pk b 001 0 eng
010 _a 2009361369
020 _a9780195477160
025 _aP-E-2009361369; 28
040 _aDLC
_cDLC
_dDLC
042 _alcode
043 _aaz-----
050 0 0 _aU264.5.S64
_bS25 2009
082 _a623.45119
100 1 _aSalik, Naeem.
245 1 4 _aThe genesis of South Asian nuclear deterrence :
_bPakistan's perspective /
_cNaeem Salik.
260 _aKarachi :
_bOxford University Press,
_c2009.
300 _axii, 324 p. ;
_c22 cm.
504 _aIncludes bibliographical references (p. 306-313) and index.
650 0 _aNuclear weapons
_zSouth Asia
_xHistory
_y20th century.
650 0 _aDeterrence (Strategy)
_xHistory
_y20th century.
856 4 1 _3Table of contents only
_uhttp://www.loc.gov/catdir/toc/fy1002/2009361369.html
906 _a7
_bcbc
_corigode
_d3
_encip
_f20
_gy-gencatlg
942 _2ddc
_cBK